[Event "TUR-ch (Women)"]
[Site "Izmir"]
[Date "2023.10.19"]
[Round "5"]
[White "Nurdogan, Ilgin Destina"]
[Black "Tanir, Simay"]
[Result "0-1"]
[WhiteElo "1008"]
[BlackElo "1543"]
[PlyCount "176"]
[EventDate "2023.10.16"]
[EventType "tourn"]
[EventRounds "9"]
[EventCountry "TUR"]
[SourceTitle "Mega2024 Update 01"]
[Source "Chessbase"]
[SourceDate "2023.11.12"]
[SourceVersion "1"]
[SourceVersionDate "2023.11.12"]
[SourceQuality "1"]

1. e4 e6 2. d4 d5 3. Nd2 b6 4. Ngf3 Be7 5. Bd3 Ba6 6. Bxa6 Nxa6 7. c3 Nb8 8. exd5 exd5 9. 0-0 Nf6 10. Ne5 0-0 11. Re1 c6 12. Re3 Qc7 13. Ng4 Nxg4 14. Qxg4 f5 15. Qe2 Bd6 16. Rh3 Qe7 17. Qxe7 Bxe7 18. Re3 Bg5 19. Re2 Nd7 20. Nf3 Bf6 21. Re6 Rac8 22. Bf4 Rfe8 23. Rae1 Rxe6 24. Rxe6 Nf8 25. Re2 Kf7 26. Ng5+ Bxg5 27. Bxg5 Ne6 28. Bd2 g6 29. Re5 Rd8 30. f4 Nf8 31. Kf2 Nd7 32. Re1 Nf6 33. Kf3 Ne4 34. Be3 Nd6 35. Bc1 Ne4 36. Be3 Ke6 37. Bf2 Kd6 38. Be3 Re8 39. Rd1 Nf6 40. h3 a6 41. Ra1 c5 42. Rb1 c4 43. a4 Ne4 44. Ra1 Kc6 45. Ra3 Nd6 46. Bd2 Kb7 47. Ra1 b5 48. a5 Kc6 49. Rc1 Nb7 50. Ra1 Kd6 51. Ra3 Re7 52. Ra1 Nd8 53. Ra3 Nc6 54. Ra1 Rb7 55. Ra2 b4 56. cxb4 Nxd4+ 57. Kf2 Nb3 58. Be1 d4 59. Bc3 dxc3 60. bxc3 Nc1 61. Rd2+ Nd3+ 62. Kf3 Re7 63. Ra2 Kc6 64. g3 h6 65. h4 h5 66. Ra3 Ne1+ 67. Kf2 Nc2 68. Ra2 Ne3 69. Kf3 Nd5 70. Rd2 Re3+ 71. Kf2 Rxc3 72. Re2 Kd6 73. Re8 Nxb4 74. Rb8 Nc6 75. Rb6 Ra3 76. Rxa6 Rxa5 77. Rb6 c3 78. Rb1 c2 79. Rc1 Rc5 80. Ke3 Nb4 81. Ke2 Na2 82. Kf3 Nxc1 83. g4 fxg4+ 84. Ke4 Nb3 85. f5 Rxf5 86. Kd3 c1Q 87. Ke2 Qf1+ 88. Ke3 Qf3# 0-1

[Event "TUR-ch (Women)"]
[Site "Ayvalik"]
[Date "2022.03.06"]
[Round "2"]
[White "Akat, Elifnaz"]
[Black "Tanir, Simay"]
[Result "0-1"]
[WhiteElo "1689"]
[BlackElo "1458"]
[PlyCount "78"]
[EventDate "2022.03.05"]
[EventType "swiss"]
[EventRounds "9"]
[EventCountry "TUR"]
[SourceTitle "EXT 2023"]
[Source "ChessBase"]
[SourceDate "2022.10.05"]
[SourceVersion "1"]
[SourceVersionDate "2022.10.05"]
[SourceQuality "1"]

1. e4 e5 2. Nf3 Nc6 3. Bc4 Bc5 4. c3 Nf6 5. d3 a6 6. 0-0 d6 7. h3 0-0 8. d4 Ba7 9. Bg5 h6 10. Bh4 g5 11. Bg3 Nxe4 12. Bh2 g4 13. hxg4 Bxg4 14. Be2 exd4 15. Nxd4 Bxe2 16. Qxe2 Re8 17. Qd3 Nxd4 18. cxd4 Qf6 19. Nc3 Qxd4 20. Qxd4 Bxd4 21. Nxe4 Rxe4 22. Rac1 Rc8 23. Bxd6 Bxb2 24. Rxc7 Rxc7 25. Bxc7 Ra4 26. Rd1 Rxa2 27. Rd8+ Kg7 28. Bf4 b5 29. Rd2 Ra1+ 30. Kh2 Bc3 31. Rd6 f6 32. Rd7+ Kg6 33. Be3 h5 34. Rd8 b4 35. Rc8 b3 36. Rxc3 b2 37. Bd4 b1Q 38. Rg3+ Kf7 39. Bxa1 Qxa1 0-1

[Event "TUR-ch (Women)"]
[Site "Ayvalik"]
[Date "2022.03.05"]
[Round "1"]
[White "Tanir, Simay"]
[Black "Ozturk, Busra"]
[Result "1-0"]
[WhiteElo "1458"]
[BlackElo "1100"]
[PlyCount "59"]
[EventDate "2022.03.05"]
[EventType "swiss"]
[EventRounds "9"]
[EventCountry "TUR"]
[SourceTitle "EXT 2023"]
[Source "ChessBase"]
[SourceDate "2022.10.05"]
[SourceVersion "1"]
[SourceVersionDate "2022.10.05"]
[SourceQuality "1"]

1. d4 d6 2. c4 Nf6 3. Nc3 g6 4. e4 Bg7 5. Nge2 0-0 6. f3 c5 7. d5 Nbd7 8. Be3 Ne5 9. Nc1 e6 10. Qd2 Re8 11. Be2 exd5 12. cxd5 a6 13. a4 Bd7 14. 0-0 Nh5 15. g4 Nf6 16. h3 h5 17. f4 Nexg4 18. hxg4 Bxg4 19. Bd3 Nh7 20. Qf2 Qd7 21. Nb3 Bh3 22. Rfe1 Qg4+ 23. Kh2 Qd7 24. Qg3 Bf6 25. Qxh3 Qxh3+ 26. Kxh3 g5 27. fxg5 Nxg5+ 28. Bxg5 Bxg5 29. Rg1 Re5 30. Nd2 1-0

[Event "TUR-ch (Women)"]
[Site "Ankara"]
[Date "2020.03.07"]
[Round "8"]
[White "Tanir, Simay"]
[Black "Engin, Cagla"]
[Result "1-0"]
[WhiteElo "1402"]
[BlackElo "1418"]
[PlyCount "43"]
[EventDate "2020.03.02"]
[EventType "swiss"]
[EventRounds "9"]
[EventCountry "TUR"]
[SourceTitle "CBM 195 Extra"]
[Source "ChessBase"]
[SourceDate "2020.05.31"]
[SourceVersion "1"]
[SourceVersionDate "2020.05.31"]
[SourceQuality "1"]

1. d4 d5 2. c4 e5 3. dxe5 d4 4. Nf3 Nc6 5. g3 Be6 6. Bg2 Qd7 7. 0-0 Bxc4 8. Nbd2 Be6 9. Nb3 0-0-0 10. Bg5 Be7 11. Bxe7 Ngxe7 12. Nc5 Qe8 13. Nxe6 fxe6 14. Qb3 Ng6 15. Rfd1 h6 16. Rac1 Rf8 17. Nxd4 Ngxe5 18. f4 Ng6 19. Nxc6 Rxd1+ 20. Rxd1 bxc6 21. Qa4 c5 22. Qa6+ 1-0

[Event "TUR-ch (Women)"]
[Site "Antalya"]
[Date "2019.03.04"]
[Round "3"]
[White "Aydin, Delfinay Zeynep"]
[Black "Tanir, Simay"]
[Result "1-0"]
[WhiteElo "1171"]
[BlackElo "1432"]
[PlyCount "143"]
[EventDate "2019.03.03"]
[EventType "swiss"]
[EventRounds "9"]
[EventCountry "TUR"]
[SourceTitle "CBM 189 Extra"]
[Source "ChessBase"]
[SourceDate "2019.06.03"]
[SourceVersion "1"]
[SourceVersionDate "2019.06.03"]
[SourceQuality "1"]

1. d4 e6 2. Nf3 f5 3. Bf4 Nf6 4. e3 d5 5. Bd3 Bd6 6. Ne5 Nbd7 7. Nd2 Nf8 8. Bg3 Ng6 9. h3 Be7 10. Ndf3 Ne4 11. Bxe4 fxe4 12. Nxg6 hxg6 13. Ne5 Rh6 14. Qg4 Bd6 15. Bf4 Bxe5 16. Bxh6 Kf7 17. dxe5 gxh6 18. Qf4+ Kg7 19. h4 Qe7 20. g4 Bd7 21. g5 h5 22. Qf6+ Qxf6 23. exf6+ Kf7 24. 0-0-0 Bc6 25. Rd2 b5 26. Rh3 e5 27. f3 exf3 28. Rxf3 b4 29. Rf1 Bb5 30. Rfd1 c6 31. e4 d4 32. a3 bxa3 33. bxa3 c5 34. Kb2 Rb8 35. Ka1 c4 36. Rb1 Rb6 37. Rb4 Ba6 38. Rxb6 axb6 39. a4 Bb7 40. Re2 Bc6 41. Kb2 Bxa4 42. Ka3 Bd7 43. Kb4 b5 44. Re1 Bg4 45. Ra1 Be6 46. Ra7+ Kf8 47. Kxb5 d3 48. cxd3 cxd3 49. Ra1 Bg4 50. Ra2 Bf3 51. Kc5 Bxe4 52. Kd6 Bf5 53. Kxe5 Kf7 54. Rd2 Kf8 55. Kd4 Kf7 56. Rxd3 Kf8 57. Re3 Bg4 58. Kd5 Bf5 59. Kd6 Bg4 60. Re7 Bh3 61. Ke5 Bg4 62. Rg7 Bf5 63. Kd6 Bd3 64. Re7 Bf5 65. f7 Bg4 66. Rc7 Bf5 67. Ke5 Bg4 68. Kf6 Bf5 69. Rb7 Bc8 70. Rb6 Bf5 71. Rb8+ Bc8 72. Rxc8# 1-0

[Event "TUR-ch (Women)"]
[Site "Antalya"]
[Date "2019.03.04"]
[Round "2"]
[White "Tanir, Simay"]
[Black "Kocyigit, Buse Naz"]
[Result "0-1"]
[WhiteElo "1432"]
[BlackElo "1973"]
[PlyCount "62"]
[EventDate "2019.03.03"]
[EventType "swiss"]
[EventRounds "9"]
[EventCountry "TUR"]
[SourceTitle "CBM 189 Extra"]
[Source "ChessBase"]
[SourceDate "2019.06.03"]
[SourceVersion "1"]
[SourceVersionDate "2019.06.03"]
[SourceQuality "1"]

1. d4 Nf6 2. c4 g6 3. f3 d5 4. cxd5 Nxd5 5. e4 Nb6 6. Be3 Bg7 7. Nc3 0-0 8. Qd2 Nc6 9. 0-0-0 f5 10. e5 Nb4 11. h4 Be6 12. Kb1 Qd7 13. Bb5 c6 14. Be2 Nc4 15. Bxc4 Bxc4 16. b3 Bd3+ 17. Kb2 Ba6 18. h5 f4 19. Bf2 Nd3+ 20. Ka1 c5 21. dxc5 Bxe5 22. Kb1 Qf5 23. Ne4 Bg7 24. hxg6 Qe5 25. gxh7+ Kh8 26. Rc1 Qa1+ 27. Kc2 Qxa2+ 28. Kd1 Qxb3+ 29. Qc2 Nxf2+ 30. Nxf2 Rad8+ 31. Ke1 Qb4+ 0-1